[Event "PK Jeugd 2020 B"]
[Site "Eindhoven, Netherlands"]
[Date "????.??.??"]
[Round "6.4"]
[White "Kumar, Prajit Sai"]
[Black "Slagboom, Leandro"]
[Result "1/2-1/2"]
[WhiteElo "1627"]
[BlackElo "1970"]

1. d4 {[%clk 00:55:19]} d5 {[%clk 00:55:15]} {[%emt 00:00:06]} 2. c4 {[%clk
00:55:23]} {[%emt 00:00:06]} c6 {[%clk 00:55:18]} {[%emt 00:00:07]} 3. cxd5
{[%clk 00:55:28]} {[%emt 00:00:05]} cxd5 {[%clk 00:55:22]} {[%emt 00:00:06]} 4.
Bf4 {[%clk 00:55:33]} {[%emt 00:00:05]} Bf5 {[%clk 00:52:23]} {[%emt 00:03:09]}
5. Qb3 {[%clk 00:53:08]} {[%emt 00:02:35]} Nc6 {[%clk 00:44:59]} {[%emt
00:07:33]} 6. e3 {[%clk 00:52:44]} {[%emt 00:00:34]} Qd7 {[%clk 00:40:38]}
{[%emt 00:04:31]} 7. Nf3 {[%clk 00:51:45]} {[%emt 00:01:09]} e6 {[%clk
00:36:53]} {[%emt 00:03:56]} 8. Ne5 {[%clk 00:48:08]} {[%emt 00:03:46]} Nxe5
{[%clk 00:36:28]} {[%emt 00:00:35]} 9. Bxe5 {[%clk 00:48:04]} {[%emt 00:00:14]}
Ne7 {[%clk 00:35:28]} {[%emt 00:01:09]} 10. Nc3 {[%clk 00:46:47]} {[%emt
00:01:27]} Nc6 {[%clk 00:34:29]} {[%emt 00:01:09]} 11. Be2 {[%clk 00:45:51]}
{[%emt 00:01:06]} Bg6 {[%clk 00:31:25]} {[%emt 00:03:14]} 12. O-O {[%clk
00:44:34]} {[%emt 00:01:28]} f6 {[%clk 00:29:58]} {[%emt 00:01:37]} 13. Bg3
{[%clk 00:44:01]} {[%emt 00:00:42]} Be7 {[%clk 00:29:20]} {[%emt 00:00:48]} 14.
Rac1 {[%clk 00:41:06]} {[%emt 00:03:05]} O-O {[%clk 00:28:58]} {[%emt
00:00:31]} 15. Rfd1 {[%clk 00:37:37]} {[%emt 00:03:40]} Rfd8 {[%clk 00:24:57]}
{[%emt 00:04:12]} 16. a3 {[%clk 00:25:54]} {[%emt 00:11:52]} Kh8 {[%clk
00:23:40]} {[%emt 00:01:27]} 17. Bf1 {[%clk 00:22:22]} {[%emt 00:03:43]} Rac8
{[%clk 00:23:06]} {[%emt 00:00:44]} 18. Qa4 {[%clk 00:20:46]} {[%emt 00:01:45]}
Bd6 {[%clk 00:21:24]} {[%emt 00:01:51]} 19. Bxd6 {[%clk 00:20:33]} {[%emt
00:00:23]} Qxd6 {[%clk 00:21:31]} {[%emt 00:00:03]} 20. Bb5 {[%clk 00:19:47]}
{[%emt 00:00:56]} a6 {[%clk 00:20:18]} {[%emt 00:01:24]} 21. Bxc6 {[%clk
00:19:42]} {[%emt 00:00:15]} Qxc6 {[%clk 00:17:18]} {[%emt 00:03:10]} 22. Qxc6
{[%clk 00:19:36]} {[%emt 00:00:16]} Rxc6 {[%clk 00:17:26]} {[%emt 00:00:01]} 23.
Ne2 {[%clk 00:18:19]} {[%emt 00:01:26]} Rdc8 {[%clk 00:16:56]} {[%emt
00:00:41]} 24. Rxc6 {[%clk 00:17:49]} {[%emt 00:00:40]} Rxc6 {[%clk 00:17:04]}
{[%emt 00:00:03]} 25. Rc1 {[%clk 00:17:51]} {[%emt 00:00:08]} Rxc1+ {[%clk
00:16:47]} {[%emt 00:00:26]} 26. Nxc1 {[%clk 00:17:42]} {[%emt 00:00:20]} Kg8
{[%clk 00:15:56]} {[%emt 00:01:01]} 27. Kf1 {[%clk 00:17:43]} {[%emt 00:00:09]}
Kf8 {[%clk 00:15:55]} {[%emt 00:00:11]} 28. Nb3 {[%clk 00:16:36]} {[%emt
00:01:15]} b6 {[%clk 00:15:53]} {[%emt 00:00:14]} 29. Ke2 {[%clk 00:16:03]}
{[%emt 00:00:42]} Ke7 {[%clk 00:15:52]} {[%emt 00:00:11]} 30. Kd2 {[%clk
00:14:56]} {[%emt 00:01:17]} Kd6 {[%clk 00:15:49]} {[%emt 00:00:13]} 1/2-1/2

[Event "PK Jeugd 2020 B"]
[Site "Eindhoven, Netherlands"]
[Date "????.??.??"]
[Round "6.5"]
[White "Bogouslavskii, Veronique"]
[Black "Cchung, Nyuk Lyn"]
[Result "0-1"]
[WhiteElo "1527"]
[BlackElo "2001"]

1. d4 {[%clk 00:55:17]} {[%emt 00:00:02]} Nf6 {[%clk 00:55:15]} {[%emt
00:00:05]} 2. c4 {[%clk 00:55:08]} {[%emt 00:00:20]} e6 {[%clk 00:55:19]}
{[%emt 00:00:06]} 3. Nc3 {[%clk 00:55:12]} {[%emt 00:00:06]} d5 {[%clk
00:55:25]} {[%emt 00:00:05]} 4. Nf3 {[%clk 00:55:13]} {[%emt 00:00:08]} Be7
{[%clk 00:55:30]} {[%emt 00:00:05]} 5. e3 {[%clk 00:55:13]} {[%emt 00:00:10]}
O-O {[%clk 00:55:33]} {[%emt 00:00:07]} 6. Be2 {[%clk 00:55:08]} {[%emt
00:00:15]} a6 {[%clk 00:55:36]} {[%emt 00:00:08]} 7. b3 {[%clk 00:54:41]}
{[%emt 00:00:36]} Bb4 {[%clk 00:54:06]} {[%emt 00:01:40]} 8. Bb2 {[%clk
00:54:32]} {[%emt 00:00:19]} dxc4 {[%clk 00:52:40]} {[%emt 00:01:36]} 9. Bxc4
{[%clk 00:53:58]} {[%emt 00:00:44]} b5 {[%clk 00:52:41]} {[%emt 00:00:10]} 10.
Bd3 {[%clk 00:53:58]} {[%emt 00:00:09]} Bb7 {[%clk 00:52:44]} {[%emt 00:00:08]}
11. O-O {[%clk 00:53:06]} {[%emt 00:01:01]} c5 {[%clk 00:52:15]} {[%emt
00:00:39]} 12. dxc5 {[%clk 00:48:17]} {[%emt 00:04:58]} Nbd7 {[%clk 00:52:09]}
{[%emt 00:00:16]} 13. c6 {[%clk 00:46:51]} {[%emt 00:01:36]} Bxc6 {[%clk
00:52:16]} {[%emt 00:00:03]} 14. Nd4 {[%clk 00:46:44]} {[%emt 00:00:16]} Bb7
{[%clk 00:51:32]} {[%emt 00:00:55]} 15. Rc1 {[%clk 00:44:15]} {[%emt 00:02:38]}
Rc8 {[%clk 00:47:50]} {[%emt 00:03:53]} 16. a3 {[%clk 00:42:12]} {[%emt
00:02:13]} Bxc3 {[%clk 00:47:09]} {[%emt 00:00:51]} 17. Bxc3 {[%clk 00:42:11]}
{[%emt 00:00:11]} Nc5 {[%clk 00:47:02]} {[%emt 00:00:17]} 18. Bb4 {[%clk
00:40:46]} {[%emt 00:01:35]} Qd5 {[%clk 00:44:47]} {[%emt 00:02:25]} 19. f3
{[%clk 00:39:28]} {[%emt 00:01:27]} Rfd8 {[%clk 00:43:26]} {[%emt 00:01:31]} 20.
Bxc5 {[%clk 00:35:57]} {[%emt 00:03:42]} Rxc5 {[%clk 00:43:27]} {[%emt
00:00:09]} 21. Rxc5 {[%clk 00:33:45]} {[%emt 00:02:12]} Qxc5 {[%clk 00:43:34]}
{[%emt 00:00:02]} 22. Nc2 {[%clk 00:25:22]} {[%emt 00:08:43]} g6 {[%clk
00:40:16]} {[%emt 00:03:28]} 23. Qe2 {[%clk 00:24:27]} {[%emt 00:01:05]} Nd5
{[%clk 00:40:07]} {[%emt 00:00:20]} 24. Rd1 {[%clk 00:19:44]} {[%emt 00:04:52]}
Nc3 {[%clk 00:40:06]} {[%emt 00:00:11]} 25. Qe1 {[%clk 00:17:39]} {[%emt
00:02:11]} Nxd1 {[%clk 00:40:12]} {[%emt 00:00:07]} 26. Qxd1 {[%clk 00:17:43]}
{[%emt 00:00:06]} Qc3 {[%clk 00:40:09]} {[%emt 00:00:13]} 27. Ne1 {[%clk
00:17:13]} {[%emt 00:00:41]} Bd5 {[%clk 00:39:55]} {[%emt 00:00:24]} 28. Bc2
{[%clk 00:13:20]} {[%emt 00:04:03]} Qxe3+ {[%clk 00:39:40]} {[%emt 00:00:26]}
29. Kh1 {[%clk 00:13:13]} {[%emt 00:00:17]} Rd7 {[%clk 00:38:40]} {[%emt
00:01:11]} 30. Nd3 {[%clk 00:11:43]} {[%emt 00:01:39]} Bxb3 {[%clk 00:38:21]}
{[%emt 00:00:30]} 31. Bxb3 {[%clk 00:11:28]} {[%emt 00:00:26]} Rxd3 {[%clk
00:38:29]} {[%emt 00:00:02]} 32. Qb1 {[%clk 00:10:27]} {[%emt 00:01:07]} Rxb3
{[%clk 00:38:37]} {[%emt 00:00:04]} 33. Qd1 {[%clk 00:10:24]} {[%emt 00:00:09]}
Qd3 {[%clk 00:38:38]} {[%emt 00:00:14]} 0-1

[Event "PK Jeugd 2020 B"]
[Site "Eindhoven, Netherlands"]
[Date "????.??.??"]
[Round "6.6"]
[White "Shadrin, Mitia"]
[Black "van Kuijk, Vadim"]
[Result "0-1"]
[WhiteElo "1730"]
[BlackElo "1697"]

1. e4 {[%clk 00:55:18]} c5 {[%clk 00:55:14]} {[%emt 00:00:07]} 2. Nf3 {[%clk
00:55:25]} {[%emt 00:00:04]} Nc6 {[%clk 00:55:19]} {[%emt 00:00:05]} 3. Nc3
{[%clk 00:55:30]} {[%emt 00:00:05]} d6 {[%clk 00:55:02]} {[%emt 00:00:27]} 4.
Bb5 {[%clk 00:55:35]} {[%emt 00:00:05]} Bd7 {[%clk 00:54:32]} {[%emt 00:00:39]}
5. Bxc6 {[%clk 00:55:40]} {[%emt 00:00:06]} Bxc6 {[%clk 00:54:38]} {[%emt
00:00:04]} 6. d4 {[%clk 00:55:46]} {[%emt 00:00:04]} cxd4 {[%clk 00:53:47]}
{[%emt 00:01:01]} 7. Qxd4 {[%clk 00:55:49]} {[%emt 00:00:06]} e5 {[%clk
00:47:01]} {[%emt 00:06:56]} 8. Qd3 {[%clk 00:55:53]} {[%emt 00:00:06]} Nf6
{[%clk 00:46:13]} {[%emt 00:00:58]} 9. Bg5 {[%clk 00:55:58]} {[%emt 00:00:06]}
Be7 {[%clk 00:45:42]} {[%emt 00:00:40]} 10. Bxf6 {[%clk 00:56:00]} {[%emt
00:00:08]} Bxf6 {[%clk 00:45:31]} {[%emt 00:00:20]} 11. O-O {[%clk 00:56:06]}
{[%emt 00:00:05]} Qd7 {[%clk 00:41:37]} {[%emt 00:04:05]} 12. Nd5 {[%clk
00:55:58]} {[%emt 00:00:17]} Bxd5 {[%clk 00:40:25]} {[%emt 00:01:22]} 13. Qxd5
{[%clk 00:56:03]} {[%emt 00:00:05]} Rc8 {[%clk 00:39:24]} {[%emt 00:01:11]} 14.
c4 {[%clk 00:53:42]} {[%emt 00:02:31]} O-O {[%clk 00:38:56]} {[%emt 00:00:38]}
15. Rfd1 {[%clk 00:52:22]} {[%emt 00:01:29]} Rfd8 {[%clk 00:38:10]} {[%emt
00:00:57]} 16. b3 {[%clk 00:46:56]} {[%emt 00:05:36]} g6 {[%clk 00:33:35]}
{[%emt 00:04:44]} 17. Rac1 {[%clk 00:46:56]} {[%emt 00:00:11]} Qc6 {[%clk
00:28:49]} {[%emt 00:04:55]} 18. h3 {[%clk 00:44:22]} {[%emt 00:02:44]} Be7
{[%clk 00:26:08]} {[%emt 00:02:50]} 19. Ne1 {[%clk 00:37:29]} {[%emt 00:07:04]}
Kg7 {[%clk 00:22:52]} {[%emt 00:03:25]} 20. Nc2 {[%clk 00:33:12]} {[%emt
00:04:25]} Bg5 {[%clk 00:19:35]} {[%emt 00:03:30]} 21. Ra1 {[%clk 00:32:45]}
{[%emt 00:00:36]} Qb6 {[%clk 00:19:03]} {[%emt 00:00:42]} 22. g3 {[%clk
00:27:52]} {[%emt 00:05:03]} Rc7 {[%clk 00:14:11]} {[%emt 00:05:01]} 23. h4
{[%clk 00:27:43]} {[%emt 00:00:19]} Bh6 {[%clk 00:13:58]} {[%emt 00:00:23]} 24.
Ne1 {[%clk 00:24:59]} {[%emt 00:02:54]} Rc5 {[%clk 00:13:04]} {[%emt 00:01:04]}
25. Qd3 {[%clk 00:24:48]} {[%emt 00:00:21]} Rc7 {[%clk 00:12:26]} {[%emt
00:00:48]} 26. Nf3 {[%clk 00:24:22]} {[%emt 00:00:35]} Re7 {[%clk 00:11:38]}
{[%emt 00:00:58]} 27. Qd5 {[%clk 00:24:08]} {[%emt 00:00:22]} Be3 {[%clk
00:07:54]} {[%emt 00:03:57]} 28. fxe3 {[%clk 00:21:21]} {[%emt 00:02:56]} Qxe3+
{[%clk 00:08:01]} {[%emt 00:00:02]} 29. Kg2 {[%clk 00:21:25]} {[%emt 00:00:05]}
Qe2+ {[%clk 00:07:53]} {[%emt 00:00:19]} 30. Kh3 {[%clk 00:21:33]} {[%emt
00:00:02]} Qxf3 {[%clk 00:07:22]} {[%emt 00:00:41]} 31. c5 {[%clk 00:21:00]}
{[%emt 00:00:43]} Qf6 {[%clk 00:04:11]} {[%emt 00:03:21]} 32. cxd6 {[%clk
00:20:23]} {[%emt 00:00:46]} Red7 {[%clk 00:03:57]} {[%emt 00:00:24]} 33. Qb5
{[%clk 00:19:49]} {[%emt 00:00:43]} Rxd6 {[%clk 00:02:54]} {[%emt 00:01:14]} 34.
Rxd6 {[%clk 00:19:38]} {[%emt 00:00:21]} Rxd6 {[%clk 00:02:02]} {[%emt
00:01:02]} 35. Rf1 {[%clk 00:18:43]} {[%emt 00:01:04]} Qe6+ {[%clk 00:01:55]}
{[%emt 00:00:18]} 36. g4 {[%clk 00:18:34]} {[%emt 00:00:19]} h5 {[%clk
00:01:31]} {[%emt 00:00:35]} 37. Qe2 {[%clk 00:18:14]} {[%emt 00:00:29]} hxg4+
{[%clk 00:01:32]} {[%emt 00:00:10]} 38. Kg3 {[%clk 00:17:32]} {[%emt 00:00:51]}
f5 {[%clk 00:01:08]} {[%emt 00:00:34]} 39. h5 {[%clk 00:16:48]} {[%emt
00:00:54]} f4+ {[%clk 00:01:09]} {[%emt 00:00:10]} 40. Kg2 {[%clk 00:16:45]}
{[%emt 00:00:12]} f3+ {[%clk 00:01:17]} {[%emt 00:00:03]} 0-1

[Event "PK Jeugd 2020 B"]
[Site "Eindhoven, Netherlands"]
[Date "????.??.??"]
[Round "6.7"]
[White "Hooijmans, Max"]
[Black "Hooijmans, Merijn Thijmen"]
[Result "1-0"]
[WhiteElo "1535"]
[BlackElo "1267"]

1. e4 {[%clk 00:55:16]} {[%emt 00:00:02]} e5 {[%clk 00:55:15]} {[%emt
00:00:05]} 2. Nf3 {[%clk 00:55:18]} {[%emt 00:00:08]} Nc6 {[%clk 00:55:15]}
{[%emt 00:00:11]} 3. Bc4 {[%clk 00:55:20]} {[%emt 00:00:08]} Bc5 {[%clk
00:55:11]} {[%emt 00:00:14]} 4. d3 {[%clk 00:55:21]} {[%emt 00:00:10]} d6
{[%clk 00:54:24]} {[%emt 00:00:56]} 5. Ng5 {[%clk 00:55:20]} {[%emt 00:00:10]}
Nh6 {[%clk 00:54:06]} {[%emt 00:00:28]} 6. h3 {[%clk 00:55:09]} {[%emt
00:00:22]} Qf6 {[%clk 00:53:39]} {[%emt 00:00:37]} 7. Qf3 {[%clk 00:54:55]}
{[%emt 00:00:24]} Qxf3 {[%clk 00:53:00]} {[%emt 00:00:48]} 8. Nxf3 {[%clk
00:55:02]} {[%emt 00:00:04]} Be6 {[%clk 00:52:43]} {[%emt 00:00:27]} 9. Bb5
{[%clk 00:54:43]} {[%emt 00:00:29]} Bd7 {[%clk 00:51:50]} {[%emt 00:01:03]} 10.
O-O {[%clk 00:54:07]} {[%emt 00:00:46]} O-O-O {[%clk 00:51:51]} {[%emt
00:00:09]} 11. Nc3 {[%clk 00:53:56]} {[%emt 00:00:21]} Nd4 {[%clk 00:51:45]}
{[%emt 00:00:17]} 12. Nxd4 {[%clk 00:52:20]} {[%emt 00:01:45]} Bxd4 {[%clk
00:51:36]} {[%emt 00:00:19]} 13. Bxd7+ {[%clk 00:51:46]} {[%emt 00:00:44]} Rxd7
{[%clk 00:51:32]} {[%emt 00:00:14]} 14. Nb5 {[%clk 00:50:20]} {[%emt 00:01:36]}
Rf8 {[%clk 00:51:13]} {[%emt 00:00:29]} 15. Nxd4 {[%clk 00:50:16]} {[%emt
00:00:14]} exd4 {[%clk 00:50:55]} {[%emt 00:00:27]} 16. Bxh6 {[%clk 00:50:08]}
{[%emt 00:00:18]} gxh6 {[%clk 00:50:49]} {[%emt 00:00:16]} 17. f4 {[%clk
00:50:04]} {[%emt 00:00:16]} f6 {[%clk 00:50:05]} {[%emt 00:00:54]} 18. f5
{[%clk 00:49:16]} {[%emt 00:00:58]} d5 {[%clk 00:49:45]} {[%emt 00:00:30]} 19.
Rf4 {[%clk 00:49:03]} {[%emt 00:00:22]} c5 {[%clk 00:48:55]} {[%emt 00:01:00]}
20. Kf2 {[%clk 00:48:00]} {[%emt 00:01:12]} b5 {[%clk 00:47:30]} {[%emt
00:01:37]} 21. Rh4 {[%clk 00:47:12]} {[%emt 00:00:58]} c4 {[%clk 00:47:17]}
{[%emt 00:00:23]} 22. Rxh6 {[%clk 00:46:49]} {[%emt 00:00:32]} dxe4 {[%clk
00:46:46]} {[%emt 00:00:41]} 23. dxe4 {[%clk 00:46:46]} {[%emt 00:00:13]} d3
{[%clk 00:46:37]} {[%emt 00:00:20]} 24. cxd3 {[%clk 00:46:16]} {[%emt
00:00:39]} cxd3 {[%clk 00:46:09]} {[%emt 00:00:38]} 25. Rd1 {[%clk 00:45:57]}
{[%emt 00:00:29]} Rg8 {[%clk 00:43:33]} {[%emt 00:02:45]} 26. g4 {[%clk
00:45:46]} {[%emt 00:00:21]} Rgd8 {[%clk 00:42:21]} {[%emt 00:01:23]} 27. Rxf6
{[%clk 00:45:29]} {[%emt 00:00:27]} Kb7 {[%clk 00:41:23]} {[%emt 00:01:08]} 28.
Rd2 {[%clk 00:45:24]} {[%emt 00:00:16]} Rc7 {[%clk 00:39:45]} {[%emt 00:01:47]}
29. Ke3 {[%clk 00:45:00]} {[%emt 00:00:34]} Rc2 {[%clk 00:39:27]} {[%emt
00:00:29]} 30. Rf7+ {[%clk 00:44:46]} {[%emt 00:00:24]} Kc8 {[%clk 00:39:18]}
{[%emt 00:00:19]} 31. Rxa7 {[%clk 00:44:28]} {[%emt 00:00:28]} Rd6 {[%clk
00:38:47]} {[%emt 00:00:40]} 32. Rxd3 {[%clk 00:43:27]} {[%emt 00:01:11]} Rxd3+
{[%clk 00:38:20]} {[%emt 00:00:37]} 33. Kxd3 {[%clk 00:43:33]} {[%emt
00:00:05]} Rxb2 {[%clk 00:38:14]} {[%emt 00:00:16]} 34. e5 {[%clk 00:43:01]}
{[%emt 00:00:42]} 1-0

[Event "PK Jeugd 2020 B"]
[Site "Eindhoven, Netherlands"]
[Date "????.??.??"]
[Round "6.8"]
[White "Dumont, Ties"]
[Black "van Wijk, Justin"]
[Result "1-0"]
[WhiteElo "1613"]
[BlackElo "1178"]

1. d4 {[%clk 00:55:17]} {[%emt 00:00:02]} Nf6 {[%clk 00:55:16]} {[%emt
00:00:05]} 2. Nf3 {[%clk 00:55:24]} {[%emt 00:00:03]} d5 {[%clk 00:55:20]}
{[%emt 00:00:06]} 3. Bf4 {[%clk 00:55:12]} {[%emt 00:00:21]} Bf5 {[%clk
00:55:02]} {[%emt 00:00:28]} 4. e3 {[%clk 00:54:53]} {[%emt 00:00:30]} e6
{[%clk 00:54:39]} {[%emt 00:00:33]} 5. Bb5+ {[%clk 00:54:32]} {[%emt 00:00:31]}
c6 {[%clk 00:54:26]} {[%emt 00:00:23]} 6. Be2 {[%clk 00:54:37]} {[%emt
00:00:05]} Bb4+ {[%clk 00:54:09]} {[%emt 00:00:27]} 7. Nbd2 {[%clk 00:53:54]}
{[%emt 00:00:52]} Ne4 {[%clk 00:53:49]} {[%emt 00:00:30]} 8. a3 {[%clk
00:52:50]} {[%emt 00:01:16]} Bd6 {[%clk 00:53:30]} {[%emt 00:00:28]} 9. Bxd6
{[%clk 00:51:45]} {[%emt 00:01:15]} Qxd6 {[%clk 00:52:46]} {[%emt 00:00:54]} 10.
O-O {[%clk 00:51:08]} {[%emt 00:00:46]} Nd7 {[%clk 00:52:37]} {[%emt 00:00:19]}
11. c4 {[%clk 00:51:06]} {[%emt 00:00:13]} b6 {[%clk 00:52:13]} {[%emt
00:00:33]} 12. Rc1 {[%clk 00:48:32]} {[%emt 00:02:44]} O-O {[%clk 00:50:58]}
{[%emt 00:01:25]} 13. b4 {[%clk 00:43:45]} {[%emt 00:04:58]} c5 {[%clk
00:49:40]} {[%emt 00:01:28]} 14. Qb3 {[%clk 00:36:05]} {[%emt 00:07:49]} Ndf6
{[%clk 00:47:02]} {[%emt 00:02:48]} 15. cxd5 {[%clk 00:33:51]} {[%emt
00:02:24]} exd5 {[%clk 00:45:53]} {[%emt 00:01:19]} 16. dxc5 {[%clk 00:32:56]}
{[%emt 00:01:06]} bxc5 {[%clk 00:45:43]} {[%emt 00:00:20]} 17. Rfd1 {[%clk
00:32:30]} {[%emt 00:00:36]} Rac8 {[%clk 00:41:56]} {[%emt 00:03:57]} 18. Nh4
{[%clk 00:29:30]} {[%emt 00:03:10]} Be6 {[%clk 00:40:41]} {[%emt 00:01:24]} 19.
Qd3 {[%clk 00:21:06]} {[%emt 00:08:35]} Nxd2 {[%clk 00:38:14]} {[%emt
00:02:37]} 20. Qxd2 {[%clk 00:19:34]} {[%emt 00:01:41]} Ne4 {[%clk 00:36:22]}
{[%emt 00:02:02]} 21. Qd3 {[%clk 00:18:02]} {[%emt 00:01:43]} cxb4 {[%clk
00:35:16]} {[%emt 00:01:17]} 22. Rxc8 {[%clk 00:17:48]} {[%emt 00:00:23]} Rxc8
{[%clk 00:35:10]} {[%emt 00:00:16]} 23. Qxe4 {[%clk 00:17:53]} {[%emt
00:00:05]} dxe4 {[%clk 00:33:41]} {[%emt 00:01:39]} 24. Rxd6 {[%clk 00:18:00]}
{[%emt 00:00:02]} bxa3 {[%clk 00:33:28]} {[%emt 00:00:22]} 25. Rd1 {[%clk
00:17:08]} {[%emt 00:01:02]} g5 {[%clk 00:33:21]} {[%emt 00:00:18]} 26. Bf3
{[%clk 00:10:42]} {[%emt 00:06:37]} gxh4 {[%clk 00:32:01]} {[%emt 00:01:28]} 27.
Bxe4 {[%clk 00:10:45]} {[%emt 00:00:07]} Bb3 {[%clk 00:31:53]} {[%emt
00:00:18]} 28. Ra1 {[%clk 00:09:28]} {[%emt 00:01:28]} a2 {[%clk 00:31:41]}
{[%emt 00:00:22]} 29. Kf1 {[%clk 00:09:05]} {[%emt 00:00:32]} Rd8 {[%clk
00:31:39]} {[%emt 00:00:12]} 30. Ke2 {[%clk 00:07:57]} {[%emt 00:01:19]} Rd1
{[%clk 00:31:27]} {[%emt 00:00:22]} 31. Rxa2 {[%clk 00:07:55]} {[%emt
00:00:12]} Bxa2 {[%clk 00:30:25]} {[%emt 00:01:12]} 32. Kxd1 {[%clk 00:08:03]}
{[%emt 00:00:02]} a5 {[%clk 00:30:08]} {[%emt 00:00:26]} 33. Kc2 {[%clk
00:06:48]} {[%emt 00:01:25]} a4 {[%clk 00:29:28]} {[%emt 00:00:51]} 34. Kb2
{[%clk 00:06:53]} {[%emt 00:00:05]} Bb3 {[%clk 00:29:25]} {[%emt 00:00:12]} 35.
Bc2 {[%clk 00:07:03]} {[%emt 00:00:01]} Bd5 {[%clk 00:27:54]} {[%emt 00:01:41]}
36. f3 {[%clk 00:06:07]} {[%emt 00:01:05]} Bc6 {[%clk 00:27:42]} {[%emt
00:00:23]} 37. Ka3 {[%clk 00:06:12]} {[%emt 00:00:05]} Kg7 {[%clk 00:27:43]}
{[%emt 00:00:08]} 38. Bxa4 {[%clk 00:06:17]} {[%emt 00:00:05]} Bxa4 {[%clk
00:27:47]} {[%emt 00:00:06]} 39. Kxa4 {[%clk 00:06:21]} {[%emt 00:00:06]} Kf6
{[%clk 00:27:48]} {[%emt 00:00:09]} 40. Kb4 {[%clk 00:06:26]} {[%emt 00:00:05]}
Ke5 {[%clk 00:27:41]} {[%emt 00:00:16]} 41. Kc4 {[%clk 00:06:31]} {[%emt
00:00:06]} f5 {[%clk 00:27:24]} {[%emt 00:00:27]} 42. Kc5 {[%clk 00:06:21]}
{[%emt 00:00:21]} h6 {[%clk 00:27:18]} {[%emt 00:00:15]} 43. Kc4 {[%clk
00:06:23]} {[%emt 00:00:08]} h5 {[%clk 00:26:56]} {[%emt 00:00:32]} 44. h3
{[%clk 00:05:29]} {[%emt 00:01:05]} f4 {[%clk 00:26:43]} {[%emt 00:00:23]} 45.
e4 {[%clk 00:05:34]} {[%emt 00:00:04]} Kd6 {[%clk 00:26:41]} {[%emt 00:00:12]}
46. Kd4 {[%clk 00:04:35]} {[%emt 00:01:08]} Ke6 {[%clk 00:26:13]} {[%emt
00:00:38]} 47. e5 {[%clk 00:04:44]} {[%emt 00:00:03]} Kd7 {[%clk 00:26:00]}
{[%emt 00:00:23]} 48. Ke4 {[%clk 00:04:52]} {[%emt 00:00:02]} 1-0

[Event "PK Jeugd 2020 B"]
[Site "Eindhoven, Netherlands"]
[Date "????.??.??"]
[Round "6.9"]
[White "Elst, Tygo"]
[Black "Moonen, Kevin"]
[Result "0-1"]
[WhiteElo "1065"]
[BlackElo "1175"]

1. d4 {[%clk 00:55:16]} {[%emt 00:00:03]} Nf6 {[%clk 00:55:15]} {[%emt
00:00:06]} 2. Nc3 {[%clk 00:54:49]} {[%emt 00:00:36]} d5 {[%clk 00:54:59]}
{[%emt 00:00:27]} 3. f3 {[%clk 00:54:02]} {[%emt 00:00:57]} Bf5 {[%clk
00:54:01]} {[%emt 00:01:08]} 4. e3 {[%clk 00:52:57]} {[%emt 00:01:14]} Nc6
{[%clk 00:53:06]} {[%emt 00:01:06]} 5. Bd3 {[%clk 00:51:53]} {[%emt 00:01:14]}
Bg6 {[%clk 00:51:19]} {[%emt 00:01:57]} 6. Bxg6 {[%clk 00:50:54]} {[%emt
00:01:08]} fxg6 {[%clk 00:51:19]} {[%emt 00:00:10]} 7. e4 {[%clk 00:50:34]}
{[%emt 00:00:30]} e6 {[%clk 00:50:48]} {[%emt 00:00:41]} 8. e5 {[%clk
00:49:36]} {[%emt 00:01:08]} Nd7 {[%clk 00:50:47]} {[%emt 00:00:11]} 9. Nge2
{[%clk 00:48:41]} {[%emt 00:01:03]} Bb4 {[%clk 00:49:36]} {[%emt 00:01:24]} 10.
Qd3 {[%clk 00:47:50]} {[%emt 00:01:00]} Ba5 {[%clk 00:47:32]} {[%emt 00:02:14]}
11. Bd2 {[%clk 00:46:54]} {[%emt 00:01:06]} Bb6 {[%clk 00:45:46]} {[%emt
00:01:57]} 12. f4 {[%clk 00:46:07]} {[%emt 00:00:56]} Nb4 {[%clk 00:44:15]}
{[%emt 00:01:41]} 13. Qh3 {[%clk 00:42:03]} {[%emt 00:04:14]} Nxc2+ {[%clk
00:42:47]} {[%emt 00:01:38]} 14. Kd1 {[%clk 00:41:31]} {[%emt 00:00:42]} Nxa1
{[%clk 00:42:23]} {[%emt 00:00:34]} 15. Qxe6+ {[%clk 00:41:15]} {[%emt
00:00:26]} Qe7 {[%clk 00:41:24]} {[%emt 00:01:10]} 16. Qxd5 {[%clk 00:40:24]}
{[%emt 00:01:00]} O-O-O {[%clk 00:40:18]} {[%emt 00:01:17]} 17. Qe4 {[%clk
00:39:11]} {[%emt 00:01:22]} c6 {[%clk 00:38:34]} {[%emt 00:01:54]} 18. Kc1
{[%clk 00:38:32]} {[%emt 00:00:48]} Nf8 {[%clk 00:37:20]} {[%emt 00:01:26]} 19.
Kb1 {[%clk 00:37:35]} {[%emt 00:01:07]} Nb3 {[%clk 00:36:37]} {[%emt 00:00:53]}
20. axb3 {[%clk 00:37:12]} {[%emt 00:00:31]} Qd7 {[%clk 00:35:17]} {[%emt
00:01:30]} 21. Be3 {[%clk 00:36:19]} {[%emt 00:01:04]} Ne6 {[%clk 00:32:30]}
{[%emt 00:02:57]} 22. Rd1 {[%clk 00:34:41]} {[%emt 00:01:48]} Nc7 {[%clk
00:31:55]} {[%emt 00:00:46]} 23. Kc2 {[%clk 00:30:47]} {[%emt 00:04:03]} Nd5
{[%clk 00:30:40]} {[%emt 00:01:25]} 24. h3 {[%clk 00:23:48]} {[%emt 00:07:09]}
Qf5 {[%clk 00:29:14]} {[%emt 00:01:35]} 25. g4 {[%clk 00:22:23]} {[%emt
00:01:35]} Qxe4+ {[%clk 00:28:46]} {[%emt 00:00:39]} 26. Nxe4 {[%clk 00:21:45]}
{[%emt 00:00:47]} Nxe3+ {[%clk 00:28:48]} {[%emt 00:00:10]} 27. Kd2 {[%clk
00:21:33]} {[%emt 00:00:21]} Nxd1 {[%clk 00:28:45]} {[%emt 00:00:13]} 28. Kxd1
{[%clk 00:21:39]} {[%emt 00:00:04]} Bc7 {[%clk 00:26:56]} {[%emt 00:02:44]} 0-1